00993nam a2200289 a 4500008004100000020002200041020002200063049000900085090001800094245008800112246001600200260005000216300004200266440002600308500005500334500002000389650001400409650001600423700001900439907003500458003000100493005001700494040000900511942002500520999001900545952013900564  a1860162258 (pbk.) a186016210 X (set) aMAIN aRM301.14bMED10aMedical masterclass :bnephrology /c[edited by] John D. Firth, Patrick H. Maxwell. aNephrology. aLondon :bRoyal College of Physicians,c2004. axi,144 p. :bill. (some col.);c30cm. aMedical Masterclass.  aLearning materials for the MRCP (UK) examinations. aIncludes index. aMedicine. aNephrology. aFirth, John D. a.b10257068b16-05-12c06-11-0820230123125135.0 cNUST cBOOKSkRM301.14mMED c136421d136421 r2023-01-23 00:00:00l0oRM301.14 MEDp92004011010v80.00w2023-01-23yBOOKS102LCC40708NFIC00aMAINbMAINcGENd2023-01-23g80.00